Statistics for Simpsons Last Names

Click here to take the quiz!

General Stats

  • This quiz has been taken 57 times
    (38 since last reset)
  • The average score is 24 of 45

Answer Stats

CharacterLast Name% Correct
HomerSimpson
100%
NedFlanders
93%
RalphWiggum
93%
KentBrockman
90%
WaylonSmithers
90%
SelmaBouvier
83%
JebediahSpringfield
83%
OttoMann
80%
NelsonMuntz
80%
EdnaKrabappel
77%
HelenLovejoy
77%
BarneyGumble
73%
AgnesSkinner
70%
RainierWolfcastle
70%
LionelHutz
67%
TroyMcClure
67%
ArtieZiff
67%
DrederickTatum
60%
FrankGrimes
57%
LurleenLumpkin
57%
Dr. NickRiviera
57%
LuannVan Houten
57%
HerbPowell
53%
JohnFrink
50%
ArniePye
50%
JasperBeardly
47%
MarvinMonroe
40%
BrandineSpuckler
40%
Captain LanceMurdock
37%
HankScorpio
37%
CecilTerwilliger
37%
MindySimmons
33%
Jeff "Comic Book Guy"Albertson
30%
Bleeding Gums MurphyHibbert
30%
LyleLanley
30%
RuthPowers
30%
RexBanner
23%
Fat TonyD'Amico
23%
LindseyNaegle
23%
Judge RoySnyder
23%
DolphStarbeam
20%
AllisonTaylor
20%
ShelbyvilleManhattan
13%
ChesterLampwick
10%
AristotleAmadopolis
7%

Score Distribution

Percentile by Number Answered

Percent of People with Each Score

Your Score History

You have not taken this quiz since the last reset